Australian cities multiple choice: Alice Springs - Statistics

General Stats
  • This quiz has been taken 23 times
  • The average score is 9 of 15
Answer Stats
Question Answer % Correct
Which State capital is the nearest to Alice Springs? Adelaide
100%
What was the town called before it was named Alice Springs? Stuart
100%
Which transcontinental train stops in Alice Springs? The Ghan
100%
Where are the oldest buildings in Alice Springs? The telegraph station
100%
What's the postcode? 0870
80%
Between 1927 and 1931, Alice Springs was the capital city of... The Territory of Central Australia
80%
Which people are Indigenous to the country that incudes Alice Springs? Arrernte
60%
Who was Alice? Lady Todd
60%
Why was the Henley-on-Todd regatta cancelled in 1993? There was water in the river
60%
Blatherskite Park has a purpose-built what? Camel racing track
40%
Where does 90% of the water supply come from? Roe Creek Borefield
40%
What began in Alice Springs in 1951? School of the Air
40%
Of all Australian cities, Alice Springs has the highest ratio of these to people Art galleries
0%
Why did Jean Paget want to make "a town like Alice"? It was a good place for women to live
0%
What's in the Old Alice Springs Gaol? The Women’s Museum of Australia
0%
No matching quizzes found
Score Distribution
Percent of People with Each Score
Percentile by Number Answered
Your Score History
You have not taken this quiz